[Event "ODJM B 2014"]
[Site "Magdeburg GER"]
[Date "2014.06.08"]
[Round "2"]
[White "Petri, Ben-Luca"]
[Black "Henning, Marvin"]
[Result "0-1"]
[Termination "normal"]
[Board "1"]
[WhiteElo "1394"]
[BlackElo "1569"]
[PlyCount "58"]
[WhiteFideId "12947261"]
[BlackFideId "12957399"]
[EventCountry "GER"]
[EventRounds "9"]
[EventType "swiss"]
[EventDate "2014.06.07"]

1. e4 d6 2. d4 g6 3. Nf3 Bg7 4. Bd3 c6 5. c3 Nf6 6. O-O O-O 7. h3 Nbd7 8. Bg5
Re8 9. Qd2 b5 10. Bh6 Bh8 11. Nh4 Bb7 12. Qg5 e5 13. Nf5 Nf8 14. Bxf8 Kxf8 15.
Ng3 a6 16. Nd2 Bg7 17. f4 h6 18. Qh4 exd4 19. cxd4 Qb6 20. Nf3 c5 21. Rfe1 c4
22. Bc2 Ng8 23. Ne2 Bxe4 24. Bxe4 Rxe4 25. Qf2 Rae8 26. Rad1 Nf6 27. g3 Nd5 28.
Kf1 Ne3+ 29. Kg1 Nxd1 0-1

[Event "ODJM B 2014"]
[Site "Magdeburg GER"]
[Date "2014.06.08"]
[Round "2"]
[White "Silber, Kevin"]
[Black "Von Jan, Lena"]
[Result "1-0"]
[Termination "normal"]
[Board "3"]
[WhiteElo "1522"]
[BlackElo "1322"]
[PlyCount "119"]
[WhiteFideId "12930440"]
[BlackFideId "12946060"]
[EventCountry "GER"]
[EventRounds "9"]
[EventType "swiss"]
[EventDate "2014.06.07"]

1. e4 e5 2. Bc4 Nf6 3. Nf3 Nc6 4. Ng5 d5 5. exd5 Na5 6. Bb5+ c6 7. dxc6 bxc6 8.
Qf3 Bd7 9. Bd3 h6 10. Ne4 Nd5 11. Nbc3 Nb7 12. O-O Nd6 13. Nxd6+ Bxd6 14. Nxd5
cxd5 15. Qxd5 Be6 16. Bb5+ Ke7 17. Qe4 Qc7 18. Qc6 Qd8 19. Qb7+ Kf6 20. a4 Qc7
21. Qxc7 Bxc7 22. b3 Rac8 23. Ba6 Rcd8 24. d3 Rd6 25. Bc4 Ba5 26. f4 Bb6+ 27.
Kh1 Rdd8 28. fxe5+ Kxe5 29. Bb2+ Kd6 30. Bxe6 fxe6 31. Bxg7 Rh7 32. Bc3 Rc8 33.
Bb4+ Kd5 34. c3 a5 35. Rf8 Rhc7 36. Rxc8 Rxc8 37. c4+ Kd4 38. Bd6 Kxd3 39. c5
Bxc5 40. Rc1 Kd4 41. g4 Kd5 42. Be7 Rc6 43. Bd8 Bb4 44. Rxc6 Kxc6 45. g5 hxg5
46. Bxg5 e5 47. h4 e4 48. h5 Bc3 49. h6 Bd4 50. h7 Bh8 51. Bd2 Kb6 52. Kg2 e3
53. Bxe3+ Kc6 54. Bd2 Kd6 55. Bxa5 Ke6 56. b4 Kf7 57. b5 Kg6 58. Bc7 Kxh7 59.
b6 Bd4 60. a5 1-0

[Event "ODJM B 2014"]
[Site "Magdeburg GER"]
[Date "2014.06.08"]
[Round "2"]
[White "Adelmeyer, Matti"]
[Black "Biermann, Florian"]
[Result "0-1"]
[Termination "normal"]
[Board "4"]
[WhiteElo "1316"]
[BlackElo "1725"]
[PlyCount "40"]
[WhiteFideId "12962520"]
[BlackFideId "12970069"]
[EventCountry "GER"]
[EventRounds "9"]
[EventType "swiss"]
[EventDate "2014.06.07"]

1. e4 c5 2. Nf3 e6 3. d4 cxd4 4. Nxd4 a6 5. Bc4 Qc7 6. Bb3 Nf6 7. Nd2 Bc5 8.
N4f3 O-O 9. O-O b5 10. e5 Ng4 11. Qe2 d6 12. exd6 Bxd6 13. h3 Nf6 14. Ne4 Nxe4
15. Qxe4 Rd8 16. Be3 Bb7 17. Qg4 Nd7 18. Bh6 Bf8 19. Nd4 Nf6 20. Bf4 e5 0-1

[Event "ODJM B 2014"]
[Site "Magdeburg GER"]
[Date "2014.06.08"]
[Round "2"]
[White "Schmidt, Alexandra"]
[Black "Tham, Minh"]
[Result "1-0"]
[Termination "normal"]
[Board "5"]
[WhiteElo "1518"]
[BlackElo "1275"]
[PlyCount "61"]
[WhiteFideId "12946036"]
[BlackFideId "12997323"]
[EventCountry "GER"]
[EventRounds "9"]
[EventType "swiss"]
[EventDate "2014.06.07"]

1. e4 e5 2. Nf3 Nc6 3. Bc4 Bc5 4. c3 Nf6 5. d3 d6 6. Bb3 Be6 7. Bc2 a6 8. Nbd2
O-O 9. Nf1 d5 10. Qe2 Re8 11. Ng3 Qd7 12. O-O Rad8 13. Bg5 Be7 14. Rfe1 Bg4 15.
Rad1 h6 16. Bc1 d4 17. h3 Bxf3 18. Qxf3 Bc5 19. Nf5 Ne7 20. Nxh6+ Kf8 21. Bb3
Nc6 22. Nxf7 Ke7 23. Nxd8 Kxd8 24. Bg5 Be7 25. Bxf6 Bxf6 26. Bd5 Rf8 27. Rc1
Qd6 28. Qg3 Qe7 29. Bxc6 bxc6 30. Rf1 Bh4 31. Qg6 1-0

[Event "ODJM B 2014"]
[Site "Magdeburg GER"]
[Date "2014.06.08"]
[Round "2"]
[White "Manco, Michela"]
[Black "Meyer, Nico"]
[Result "1/2-1/2"]
[Termination "normal"]
[Board "6"]
[WhiteElo "1541"]
[BlackElo "1486"]
[PlyCount "55"]
[WhiteFideId "12943908"]
[BlackFideId "12975257"]
[EventCountry "GER"]
[EventRounds "9"]
[EventType "swiss"]
[EventDate "2014.06.07"]

1. e4 e5 2. Bc4 Nc6 3. Nf3 Bc5 4. c3 Nf6 5. d3 O-O 6. Bb3 h6 7. Nbd2 d6 8. O-O
a6 9. h3 Ba7 10. Re1 Re8 11. Nf1 Be6 12. Bc2 d5 13. Qe2 dxe4 14. dxe4 b5 15.
Bd3 Qd6 16. Be3 Nh5 17. b3 Bxe3 18. Qxe3 Nf4 19. Bc2 Bc8 20. Ng3 Ne6 21. Rad1
Qc5 22. Qxc5 Nxc5 23. Rd5 Nd7 24. Red1 Nf6 25. R5d2 Be6 26. Nh4 g6 27. Rd3 Rad8
28. Rxd8 1/2-1/2

[Event "ODJM B 2014"]
[Site "Magdeburg GER"]
[Date "2014.06.08"]
[Round "2"]
[White "Röhr, Oliver"]
[Black "Hagenbeck-Hübert, Lara"]
[Result "0-1"]
[Termination "normal"]
[Board "8"]
[WhiteElo "1245"]
[BlackElo "1443"]
[PlyCount "32"]
[WhiteFideId "12987697"]
[BlackFideId "12964484"]
[EventCountry "GER"]
[EventRounds "9"]
[EventType "swiss"]
[EventDate "2014.06.07"]

1. d4 Nf6 2. c4 d5 3. cxd5 Nxd5 4. e4 Nf6 5. Nc3 Nc6 6. Nf3 Bg4 7. Be3 e6 8.
Be2 Bb4 9. Qc2 Bxf3 10. Bxf3 Nxd4 11. Bxd4 Qxd4 12. O-O Rb8 13. Nb5 Qe5 14.
Nxc7+ Ke7 15. Rac1 Bd6 16. Qc3 Qxh2# 0-1

[Event "ODJM B 2014"]
[Site "Magdeburg GER"]
[Date "2014.06.08"]
[Round "2"]
[White "Trömer, Felix"]
[Black "Buller, Ian Joshua"]
[Result "1-0"]
[Termination "normal"]
[Board "9"]
[WhiteElo "1438"]
[BlackElo "1244"]
[PlyCount "65"]
[WhiteFideId "12992879"]
[BlackFideId "12990655"]
[EventCountry "GER"]
[EventRounds "9"]
[EventType "swiss"]
[EventDate "2014.06.07"]

1. e4 c5 2. Nf3 d6 3. d4 cxd4 4. Nxd4 a6 5. Bc4 g6 6. Be3 Bg7 7. Nc3 Nf6 8. a3
O-O 9. f3 e6 10. Bb3 d5 11. exd5 exd5 12. Qd2 Re8 13. O-O-O Nc6 14. Nde2 Be6
15. Rdg1 Qd7 16. g4 Rad8 17. Rd1 Ne5 18. Nd4 Nc4 19. Bxc4 dxc4 20. h4 h5 21.
Nce2 hxg4 22. Nf4 gxf3 23. h5 g5 24. Nfxe6 fxe6 25. Bxg5 Ne4 26. Qe3 Bxd4 27.
Qxe4 Bxb2+ 28. Kxb2 Qg7+ 29. Ka2 Rxd1 30. Rxd1 Qxg5 31. Qxf3 b5 32. Qb7 Qxh5
33. Rg1+ 1-0

[Event "ODJM B 2014"]
[Site "Magdeburg GER"]
[Date "2014.06.08"]
[Round "2"]
[White "Grothe, Pascal"]
[Black "Reyher, Susan"]
[Result "0-1"]
[Termination "normal"]
[Board "10"]
[WhiteElo "1236"]
[BlackElo "1436"]
[PlyCount "146"]
[BlackFideId "24686107"]
[EventCountry "GER"]
[EventRounds "9"]
[EventType "swiss"]
[EventDate "2014.06.07"]

1. e4 e5 2. Nf3 Nc6 3. Bc4 Bc5 4. d3 d6 5. h3 Nf6 6. Nc3 Bd7 7. Be3 Bb6 8. Qd2
Qe7 9. a3 Bxe3 10. Qxe3 a6 11. Bd5 Nd8 12. Bb3 Be6 13. Nd5 Nxd5 14. Bxd5 Bxd5
15. exd5 O-O 16. O-O-O c6 17. dxc6 Nxc6 18. Rhe1 Rac8 19. d4 Qc7 20. Rd2 Rfe8
21. c3 Re6 22. d5 Rg6 23. dxc6 Qxc6 24. g3 b5 25. Rc2 a5 26. Ree2 Rf6 27. Ng1
Re6 28. Red2 d5 29. Ne2 Qc4 30. Kb1 f6 31. f4 Rce8 32. f5 Rc6 33. Qf3 e4 34.
Qe3 Rec8 35. Nd4 Rd6 36. Ne2 Rd7 37. Qd4 Qc6 38. Nf4 Qb7 39. Rc1 Rc4 40. Qf2 b4
41. cxb4 Rxc1+ 42. Kxc1 axb4 43. axb4 Qxb4 44. Nxd5 Rxd5 45. Rxd5 Qc4+ 46. Kb1
Qxd5 47. Qe3 Qxf5 48. g4 Qf1+ 49. Kc2 Qc4+ 50. Qc3 Qe6 51. Kd2 g6 52. b3 f5 53.
gxf5 gxf5 54. Qc4 Qxc4 55. bxc4 Kf7 56. Ke3 Ke6 57. Kf4 Kd6 58. h4 Kc5 59. h5
Kxc4 60. Kxf5 e3 61. Kf6 e2 62. Kg7 e1=Q 63. Kxh7 Qe8 64. h6 Kd5 65. Kg7 Qe7+
66. Kg6 Qf8 67. h7 Ke6 68. h8=Q Qxh8 69. Kg5 Qf8 70. Kg4 Ke5 71. Kg5 Qg8+ 72.
Kh4 Kf4 73. Kh3 Qg3# 0-1

[Event "ODJM B 2014"]
[Site "Magdeburg GER"]
[Date "2014.06.08"]
[Round "2"]
[White "Hofele, Mathis"]
[Black "Triantafillidis, Simeon"]
[Result "1/2-1/2"]
[Termination "normal"]
[Board "11"]
[WhiteElo "1520"]
[BlackElo "1361"]
[PlyCount "77"]
[WhiteFideId "12963844"]
[BlackFideId "12953113"]
[EventCountry "GER"]
[EventRounds "9"]
[EventType "swiss"]
[EventDate "2014.06.07"]

1. e4 e5 2. Nf3 Nc6 3. d4 exd4 4. Nxd4 Qh4 5. Be2 Bc5 6. Be3 Bxd4 7. Bxd4 Qxe4
8. Be3 Qxg2 9. Bf3 Qg6 10. Qe2 Qe6 11. Nc3 Nge7 12. Nb5 Qe5 13. O-O-O a6 14.
Nc3 d6 15. Rhe1 Bd7 16. Qd2 Qxh2 17. Bf4 Qh3 18. Re3 Qh4 19. Rde1 O-O-O 20. Bg3
Qf6 21. Ne4 Qf5 22. Rd3 Ne5 23. Bxe5 dxe5 24. Qc3 Bc6 25. Bg2 Qf4+ 26. Kb1 Bxe4
27. Bxe4 Qxf2 28. Rc1 Qf4 29. Bh1 Rd4 30. Rf3 Qd2 31. Qc5 Rhd8 32. b3 Nd5 33.
Rxf7 Nc3+ 34. Kb2 Na4+ 35. bxa4 Rb4+ 36. Ka3 Qxc1+ 37. Kxb4 Rd4+ 38. Kb3 Rd3+
39. c3 1/2-1/2

[Event "ODJM B 2014"]
[Site "Magdeburg GER"]
[Date "2014.06.08"]
[Round "2"]
[White "Lommel, Hagen"]
[Black "Lange, Cecilia"]
[Result "0-1"]
[Termination "normal"]
[Board "12"]
[WhiteElo "1209"]
[BlackElo "1553"]
[PlyCount "66"]
[WhiteFideId "12972380"]
[BlackFideId "12976040"]
[EventCountry "GER"]
[EventRounds "9"]
[EventType "swiss"]
[EventDate "2014.06.07"]

1. e4 c6 2. d4 d5 3. exd5 cxd5 4. c4 Nf6 5. Nc3 e6 6. Bg5 Bb4 7. a3 Bxc3+ 8.
bxc3 Nc6 9. cxd5 Qxd5 10. Bxf6 gxf6 11. Nf3 b6 12. c4 Qa5+ 13. Qd2 Qxd2+ 14.
Kxd2 Bb7 15. Bd3 O-O-O 16. Rhe1 Nxd4 17. Nxd4 Rxd4 18. f3 Rhd8 19. Re3 e5 20.
Kc2 Ba6 21. Rd1 Bxc4 22. Bf5+ Be6 23. Rc3+ Kb8 24. Bd3 Bf5 25. g4 Bg6 26. h4 h5
27. gxh5 Bxh5 28. Be2 Rxd1 29. Bxd1 Rd4 30. Be2 Rxh4 31. Ba6 Bg6+ 32. Kb3 Bf5
33. Rc4 Be6 0-1

[Event "ODJM B 2014"]
[Site "Magdeburg GER"]
[Date "2014.06.08"]
[Round "2"]
[White "Rose, Luis Stratos"]
[Black "Lilienthal, Niels Bennett"]
[Result "1-0"]
[Termination "normal"]
[Board "14"]
[WhiteElo "1392"]
[BlackElo "1167"]
[PlyCount "89"]
[WhiteFideId "12976008"]
[BlackFideId "16205421"]
[EventCountry "GER"]
[EventRounds "9"]
[EventType "swiss"]
[EventDate "2014.06.07"]

1. d4 Nf6 2. c4 g6 3. Nc3 Bg7 4. e4 d6 5. Nf3 Nbd7 6. Be2 a5 7. O-O O-O 8. Rb1
e5 9. a3 b6 10. b4 axb4 11. axb4 Bb7 12. d5 Qe7 13. Qc2 c6 14. h3 cxd5 15. Nxd5
Nxd5 16. cxd5 f5 17. Bd3 fxe4 18. Bxe4 Nf6 19. Bg5 h6 20. Bxf6 Rxf6 21. Rfc1
Qf7 22. Qc7 Bxd5 23. Qxf7+ Bxf7 24. Bxa8 g5 25. Rd1 Bg6 26. Rbc1 Rf4 27. b5 Bh5
28. Rxd6 g4 29. hxg4 Bxg4 30. Re1 Rf5 31. Rxb6 Kh7 32. Be4 h5 33. Bxf5+ Bxf5
34. Nxe5 h4 35. Rb7 h3 36. gxh3 Bxh3 37. Rxg7+ Kxg7 38. b6 Bc8 39. Rc1 Bb7 40.
Rc7+ Kf6 41. Rxb7 Kxe5 42. Rc7 Kd6 43. Rc1 Kd7 44. b7 Ke7 45. b8=Q 1-0

[Event "ODJM B 2014"]
[Site "Magdeburg GER"]
[Date "2014.06.08"]
[Round "2"]
[White "Giede, Anna-Blume"]
[Black "Maar, Patricia"]
[Result "1-0"]
[Termination "normal"]
[Board "15"]
[WhiteElo "1457"]
[BlackElo "1093"]
[PlyCount "83"]
[WhiteFideId "12921980"]
[BlackFideId "12952630"]
[EventCountry "GER"]
[EventRounds "9"]
[EventType "swiss"]
[EventDate "2014.06.07"]

1. e4 e6 2. d4 d5 3. Nd2 c5 4. exd5 exd5 5. Ndf3 Nc6 6. c3 Nf6 7. Bb5 Bd6 8.
dxc5 Bxc5 9. Ne2 O-O 10. O-O Ne7 11. Bd3 Bg4 12. Ne5 Bf5 13. Bxf5 Nxf5 14. Bg5
Qd6 15. Bxf6 Qxf6 16. Nd7 Qd6 17. Nxf8 Rxf8 18. Qc2 g6 19. Rad1 Rd8 20. Rfe1
Nh4 21. Ng3 Qf6 22. Re2 Bd6 23. Rxd5 Bxg3 24. Rxd8+ Qxd8 25. fxg3 Qb6+ 26. Kf1
Nf5 27. Qd3 Qf6 28. Rf2 h5 29. Rf4 Kg7 30. Kg1 Qb6+ 31. Rf2 Qf6 32. Rd2 Qb6+
33. Kh1 Qe6 34. Qe2 Qxa2 35. Qe5+ Kh7 36. Qe2 Kh6 37. Kg1 h4 38. gxh4 Nxh4 39.
Qe3+ Kh5 40. h3 Qb1+ 41. Kh2 Qf1 42. g4# 1-0

[Event "ODJM B 2014"]
[Site "Magdeburg GER"]
[Date "2014.06.08"]
[Round "2"]
[White "Hostmann, Hannes"]
[Black "Bethke, Robert"]
[Result "0-1"]
[Termination "normal"]
[Board "16"]
[WhiteElo "1081"]
[BlackElo "1545"]
[PlyCount "68"]
[WhiteFideId "16277619"]
[BlackFideId "12959251"]
[EventCountry "GER"]
[EventRounds "9"]
[EventType "swiss"]
[EventDate "2014.06.07"]

1. c4 c5 2. Nc3 Nc6 3. g3 Nf6 4. Bg2 g6 5. d3 Bg7 6. Bd2 O-O 7. Nf3 d6 8. O-O
Bd7 9. Qc1 a6 10. Ng5 Rb8 11. Nd5 Nd4 12. Re1 Nxd5 13. Bxd5 Bc6 14. Bxf7+ Rxf7
15. Nxf7 Kxf7 16. Bc3 Kg8 17. Bxd4 Bxd4 18. Rb1 Qf8 19. Rf1 Qf7 20. Qf4 Qxf4
21. gxf4 Rf8 22. e3 Bg7 23. f3 b5 24. b3 Rf6 25. Kg2 Rf8 26. Rg1 e5 27. Kg3
exf4+ 28. exf4 g5 29. Kh3 Rxf4 30. Rxg5 Rxf3+ 31. Kh4 Kh8 32. Kg4 Rxd3 33. Rf1
Rd2 34. Kf4 Bh6 0-1

[Event "ODJM B 2014"]
[Site "Magdeburg GER"]
[Date "2014.06.08"]
[Round "2"]
[White "Böse, Christina"]
[Black "Thumm, Niklas"]
[Result "0-1"]
[Termination "normal"]
[Board "18"]
[WhiteElo "1356"]
[BlackElo "1521"]
[PlyCount "66"]
[WhiteFideId "12929654"]
[BlackFideId "12918733"]
[EventCountry "GER"]
[EventRounds "9"]
[EventType "swiss"]
[EventDate "2014.06.07"]

1. e4 e5 2. Nf3 Nc6 3. d4 exd4 4. Nxd4 Bc5 5. Be3 Bb6 6. g3 Qf6 7. c3 Nge7 8.
f4 d6 9. Bg2 Bd7 10. O-O h5 11. a4 a6 12. Na3 h4 13. Nc4 hxg3 14. hxg3 Ba7 15.
Kf2 Ne5 16. Qb3 Ng4+ 17. Ke1 b5 18. axb5 Nxe3 19. Nxe3 Bxd4 20. e5 Qg6 21. cxd4
Qxg3+ 22. Rf2 Rb8 23. Rxa6 Rh2 24. Ra3 Bh3 25. Nf5 Qxb3 26. Rxb3 Bxg2 27. Nxg7+
Kf8 28. Nh5 Rh1+ 29. Ke2 Bd5 30. Nf6 Bxb3 31. Rg2 Ng6 32. Nd7+ Ke8 33. Nxb8
Nxf4+ 0-1

[Event "ODJM B 2014"]
[Site "Magdeburg GER"]
[Date "2014.06.08"]
[Round "2"]
[White "Bajorski, Marius"]
[Black "Schneider, Edward"]
[Result "1/2-1/2"]
[Termination "normal"]
[Board "19"]
[WhiteElo "1807"]
[BlackElo "1078"]
[PlyCount "68"]
[WhiteFideId "12938831"]
[BlackFideId "16200870"]
[EventCountry "GER"]
[EventRounds "9"]
[EventType "swiss"]
[EventDate "2014.06.07"]

1. e4 e5 2. Nf3 Nc6 3. Bc4 Bc5 4. c3 Nf6 5. d4 exd4 6. cxd4 Bb4+ 7. Nc3 d5 8.
exd5 Nxd5 9. Bd2 Nxc3 10. Bxc3 Bxc3+ 11. bxc3 O-O 12. O-O Bg4 13. Be2 Re8 14.
Re1 Bxf3 15. Bxf3 Rxe1+ 16. Qxe1 Qd7 17. Qd2 Rd8 18. Qb2 b6 19. Re1 h6 20. Qb5
Ne7 21. Qxd7 Rxd7 22. Bg4 f5 23. Bh3 g6 24. g4 Kf7 25. gxf5 gxf5 26. Re5 Kf6
27. f4 c5 28. Kf2 Rd5 29. Bg2 Rd6 30. dxc5 Rd2+ 31. Re2 Rxe2+ 32. Kxe2 bxc5 33.
Kd3 Ng6 34. Ke2 a5 1/2-1/2

[Event "ODJM B 2014"]
[Site "Magdeburg GER"]
[Date "2014.06.08"]
[Round "2"]
[White "Breß, Aaron"]
[Black "Jäger, Gustav"]
[Result "0-1"]
[Termination "normal"]
[Board "20"]
[WhiteElo "1364"]
[BlackElo "1152"]
[PlyCount "116"]
[WhiteFideId "12996432"]
[BlackFideId "12957364"]
[EventCountry "GER"]
[EventRounds "9"]
[EventType "swiss"]
[EventDate "2014.06.07"]

1. e4 e5 2. Nf3 Nc6 3. Bb5 d6 4. d4 exd4 5. Nxd4 Bd7 6. O-O Nxd4 7. Bxd7+ Qxd7
8. Qxd4 Nf6 9. Nc3 Be7 10. Be3 O-O 11. Rad1 c5 12. Qd2 Qg4 13. f3 Qg6 14. Ne2
Nh5 15. c3 Rad8 16. b4 b6 17. g4 h6 18. Kh1 Nf6 19. Nf4 Qg5 20. Ne6 Qe5 21.
Nxf8 Kxf8 22. Rg1 d5 23. exd5 Nxd5 24. Qf2 Nxe3 25. Rxd8+ Bxd8 26. Re1 Bg5 27.
bxc5 bxc5 28. Qc2 Bh4 29. Re2 Qf4 30. Qe4 Qxe4 31. fxe4 Nxg4 32. e5 Ke7 33. Kg2
h5 34. h3 Nh6 35. Re4 Nf5 36. Kf3 g5 37. Rc4 g4+ 38. hxg4 hxg4+ 39. Rxg4 Ke6
40. Ke4 Bd8 41. Rg8 Bb6 42. Rg5 Ne7 43. Rh5 a5 44. Rh6+ Ng6 45. Rh5 Bc7 46. Rh3
Bxe5 47. c4 f5+ 48. Kf3 Bd6 49. Rh6 Kf6 50. Rh7 Ne5+ 51. Ke3 Nxc4+ 52. Kd3 Ne5+
53. Ke3 Kg6 54. Ra7 f4+ 55. Kf2 Nc4 56. Ra6 Kg5 57. Ra8 Kf5 58. Rh8 Ne5 0-1

[Event "ODJM B 2014"]
[Site "Magdeburg GER"]
[Date "2014.06.08"]
[Round "2"]
[White "Matuschak, Henry"]
[Black "Franz, Franz Theodor"]
[Result "0-1"]
[Termination "normal"]
[Board "21"]
[WhiteElo "1153"]
[BlackElo "1048"]
[PlyCount "114"]
[BlackFideId "12992674"]
[EventCountry "GER"]
[EventRounds "9"]
[EventType "swiss"]
[EventDate "2014.06.07"]

1. e4 d6 2. d4 Nf6 3. Nc3 g6 4. Nf3 c6 5. Bg5 Bg7 6. h3 b5 7. a3 O-O 8. Bd3
Nbd7 9. O-O a6 10. Re1 e5 11. d5 c5 12. b3 h6 13. Bh4 Qc7 14. Qd2 Nh5 15. g4
Nf4 16. Kh2 Nb6 17. Bg3 Nxd3 18. cxd3 Bd7 19. b4 c4 20. d4 f6 21. dxe5 fxe5 22.
Qe3 Rf7 23. Rf1 Raf8 24. Nh4 Kh7 25. Ra2 Bf6 26. Ng2 Bg7 27. f4 Nc8 28. Raf2
Re8 29. fxe5 Rxf2 30. Rxf2 Bxe5 31. Bxe5 Rxe5 32. Rf7+ Kg8 33. Qf4 Qd8 34. Rf6
Kg7 35. Nh4 Qxf6 36. Qxf6+ Kxf6 37. Nf3 Re8 38. Kg3 g5 39. h4 Kg6 40. hxg5 hxg5
41. Nd4 Rf8 42. Nf5 Rh8 43. Kg2 Kf6 44. Ne2 Ke5 45. Kf3 Rh1 46. Kf2 Ra1 47. Kf3
Rxa3+ 48. Ne3 a5 49. bxa5 Rxa5 50. Kg3 Ra8 51. Nc2 Rb8 52. Nb4 Kxe4 53. Nc3+
Kd4 54. Nca2 Nb6 55. Nc6+ Bxc6 56. dxc6 Rc8 57. Nb4 Kc5 0-1

[Event "ODJM B 2014"]
[Site "Magdeburg GER"]
[Date "2014.06.08"]
[Round "2"]
[White "Maar, Felicitas"]
[Black "Tamrazyan, Gohar"]
[Result "0-1"]
[Termination "normal"]
[Board "22"]
[WhiteElo "1087"]
[BlackElo "1483"]
[PlyCount "120"]
[WhiteFideId "12952648"]
[BlackFideId "1330799"]
[EventCountry "GER"]
[EventRounds "9"]
[EventType "swiss"]
[EventDate "2014.06.07"]

1. e4 c5 2. Nc3 Nc6 3. Be2 g6 4. Nf3 Bg7 5. O-O Nf6 6. d3 O-O 7. Be3 d6 8. Qd2
Ng4 9. Nd1 Nxe3 10. fxe3 Qb6 11. c3 e5 12. h3 Be6 13. b3 Qa5 14. Nb2 Bh6 15.
Bd1 Qa3 16. Rf2 Na5 17. c4 a6 18. Na4 b5 19. Nc3 bxc4 20. bxc4 Bxe3 21. Qxe3
Qxc3 22. Rc1 Qb4 23. Bc2 Qb7 24. Qh6 f6 25. Rcf1 Qg7 26. Qh4 g5 27. Qg3 Nc6 28.
Nh2 Nb4 29. Bb3 a5 30. a4 f5 31. exf5 Bf7 32. f6 Qg6 33. Rf5 h6 34. Ng4 Be6 35.
Nxh6+ Qxh6 36. Rxg5+ Kh8 37. Rg6 Qh7 38. Rg7 Qh5 39. Bd1 Qh6 40. Bf3 Rad8 41.
Be4 Rg8 42. Rh7+ Qxh7 43. Bxh7 Rxg3 44. Bf5 Bxf5 45. Rxf5 Rxd3 46. Rh5+ Kg8 47.
Rg5+ Kf7 48. Rf5 Rg8 49. g4 Rxh3 50. Kg2 Rc3 51. g5 e4 52. Kf2 e3+ 53. Ke2 Nc6
54. Rd5 Nd4+ 55. Kd1 e2+ 56. Kd2 Rc2+ 57. Ke1 Rc1+ 58. Kf2 e1=Q+ 59. Kg2 Qf1+
60. Kg3 Qf3+ 0-1

[Event "ODJM B 2014"]
[Site "Magdeburg GER"]
[Date "2014.06.08"]
[Round "2"]
[White "Eggert, Daniela"]
[Black "Schulze, Lukas"]
[Result "1-0"]
[Termination "normal"]
[Board "23"]
[WhiteElo "1405"]
[BlackElo "1243"]
[PlyCount "41"]
[WhiteFideId "12991490"]
[BlackFideId "12956856"]
[EventCountry "GER"]
[EventRounds "9"]
[EventType "swiss"]
[EventDate "2014.06.07"]

1. e4 c5 2. Nf3 Nc6 3. Nc3 g6 4. d4 cxd4 5. Nxd4 Bg7 6. Nxc6 bxc6 7. Qf3 Nf6 8.
Bg5 h6 9. Bf4 O-O 10. Qe3 Ng4 11. Qd2 Qb6 12. Rb1 Bd4 13. h3 Bxf2+ 14. Ke2 g5
15. hxg4 gxf4 16. Qxf4 Ba6+ 17. Kf3 Rfb8 18. Bxa6 Qxa6 19. Kxf2 Kf8 20. Qxh6+
Kg8 21. Qh8# 1-0

[Event "ODJM B 2014"]
[Site "Magdeburg GER"]
[Date "2014.06.08"]
[Round "2"]
[White "Zimmer, Claudius"]
[Black "Kornitzky, Tino"]
[Result "0-1"]
[Termination "normal"]
[Board "24"]
[WhiteElo "1081"]
[BlackElo "1386"]
[PlyCount "152"]
[BlackFideId "12970379"]
[EventCountry "GER"]
[EventRounds "9"]
[EventType "swiss"]
[EventDate "2014.06.07"]

1. e4 e6 2. Nf3 d5 3. exd5 exd5 4. d4 Nf6 5. c4 Be6 6. c5 Nbd7 7. h3 c6 8. Be2
Qc7 9. O-O Be7 10. Bg5 O-O 11. Nc3 Rab8 12. Qd2 Qa5 13. a3 b5 14. b4 Qd8 15.
Ne5 Nxe5 16. dxe5 Nd7 17. Bxe7 Qxe7 18. Qe3 Bf5 19. f4 Rfd8 20. Bd3 d4 21. Nd5
cxd5 22. Qxd4 Bxd3 23. Qxd3 Nf8 24. Rad1 Ng6 25. Qe2 f6 26. e6 f5 27. g4 fxg4
28. f5 Nh4 29. hxg4 Qg5 30. Kh2 Qh6 31. Kg3 Qf6 32. Qh2 g5 33. Kh3 Qc3+ 34. Qg3
Qxg3+ 35. Kxg3 Rb7 36. f6 Ng6 37. Rf5 h6 38. Rfxd5 Rxd5 39. Rxd5 Rb8 40. e7 Re8
41. Rd8 Kf7 42. c6 Nxe7 43. c7 Nc8 44. Kf3 Nb6 45. Rb8 Rc8 46. Rxc8 Nxc8 47.
Ke4 Kxf6 48. Kd5 Ke7 49. Kc6 Ke6 50. Kb7 Kd7 51. Kb8 Nd6 52. Kxa7 Kxc7 53. Ka6
Kc6 54. Ka5 Kb7 55. a4 bxa4 56. Kxa4 Ne4 57. Kb5 Nf6 58. Kc5 Nxg4 59. b5 Nf2
60. Kd4 Kb6 61. Ke3 Nh3 62. Kf3 h5 63. Kg3 g4 64. Kg2 Kxb5 65. Kg3 Kc4 66. Kg2
Kd3 67. Kg3 Ke3 68. Kg2 Kf4 69. Kh2 Kf3 70. Kh1 h4 71. Kh2 g3+ 72. Kxh3 g2 73.
Kh2 Kf2 74. Kh3 g1=Q 75. Kxh4 Qg6 76. Kh3 Qg3# 0-1

[Event "ODJM B 2014"]
[Site "Magdeburg GER"]
[Date "2014.06.08"]
[Round "2"]
[White "Reyher, Bastian"]
[Black "Grey, Andrea"]
[Result "0-1"]
[Termination "normal"]
[Board "25"]
[WhiteElo "1059"]
[BlackElo "1205"]
[PlyCount "96"]
[WhiteFideId "12927465"]
[BlackFideId "12971880"]
[EventCountry "GER"]
[EventRounds "9"]
[EventType "swiss"]
[EventDate "2014.06.07"]

1. e4 c5 2. Nf3 Nc6 3. Bc4 g6 4. Nc3 Bg7 5. O-O e6 6. d3 Nge7 7. Bg5 f6 8. Bh4
O-O 9. Na4 b6 10. Qe2 a6 11. Nc3 b5 12. Bb3 d5 13. exd5 exd5 14. Nxd5 Nxd5 15.
Bxd5+ Qxd5 16. Rad1 Qe6 17. Rfe1 Re8 18. Qe4 Bd7 19. Re2 Re7 20. Rde1 Rae8 21.
Nd2 Nd4 22. Qxe6+ Rxe6 23. Rxe6 Bxe6 24. c3 Nf5 25. Nf3 Nxh4 26. Nxh4 Kf7 27.
Rf1 Bxa2 28. d4 cxd4 29. cxd4 f5 30. Ra1 Bxd4 31. h3 Bc4 32. Nf3 Bxb2 33. Rxa6
b4 34. Ng5+ Kg7 35. Ra7+ Kh6 36. Nf3 Bd3 37. g4 fxg4 38. hxg4 Bc1 39. Ra5 b3
40. Rh5+ gxh5 41. Kg2 hxg4 42. Nh4 Kg5 43. Kg3 Bf4+ 44. Kg2 Kxh4 45. f3 b2 46.
fxg4 Kxg4 47. Kf2 Re2+ 48. Kf1 b1=Q# 0-1

[Event "ODJM B 2014"]
[Site "Magdeburg GER"]
[Date "2014.06.08"]
[Round "2"]
[White "Wu, Erik"]
[Black "Friedrich, Laura"]
[Result "1-0"]
[Termination "normal"]
[Board "26"]
[WhiteElo "1187"]
[BlackElo "1036"]
[PlyCount "71"]
[WhiteFideId "12977489"]
[BlackFideId "12952249"]
[EventCountry "GER"]
[EventRounds "9"]
[EventType "swiss"]
[EventDate "2014.06.07"]

1. e4 e5 2. Nf3 Nc6 3. Bc4 Nf6 4. d4 exd4 5. O-O Bc5 6. e5 Ng4 7. Bxf7+ Kxf7 8.
Ng5+ Kg8 9. Qxg4 Be7 10. Qf5 Bxg5 11. Bxg5 Qe8 12. Re1 Qf7 13. Qe4 Qg6 14. Qh4
h6 15. Bf4 d5 16. exd6 cxd6 17. c3 Bg4 18. h3 Bf3 19. Bg3 Be4 20. Qxe4 Qxe4 21.
Rxe4 dxc3 22. Nxc3 Rd8 23. Rd1 Kh7 24. Rxd6 Rc8 25. Rd7 b6 26. Rg4 Kg8 27.
Rgxg7+ Kf8 28. Bd6+ Ke8 29. Nd5 Rf8 30. Bxf8 Kxf8 31. Rh7 Ne7 32. Rhxe7 Rc1+
33. Kh2 Rc8 34. Rh7 Ke8 35. Nf6+ Kf8 36. Rh8# 1-0